000 00302nam a22001217a 4500
082 _a297
_bMAN
100 _aMansoor, Mufti Abu Lababa Shah
_951398
245 _aد جا ل
260 _aKarachi,
_bAl Saeed,
_c2009.
300 _a279p.
526 _a0
_b0
_c0
_d297_000000000000000_MAN
942 _2ddc
_cBK
999 _c554093
_d554093